000
00215nam a22000857a 4500
008
170601b xxu||||| |||| 00| 0 eng d
100
_9
3204
_a
Shankar
245
_a
Treasury of Indian Cinema
260
_a
New Delhi
_b
CBT
_c
2003
999
_c
6516
_d
6516